Záhady nad záhady /

Hlavní autor: Krassa, Peter, 1938-2005
Další autoři: Habeck, Reinhard, 1962-
Jazyk: Čeština
Vydáno: Liberec : Dialog, 1995
Vydání: Vyd. 1.
Edice: Největší záhady světa
Témata:
Externí odkaz: Digitalizovaný dokument
Fyzický popis: 274 s. ; 19 cm
Knihy
Uloženo v:
LEADER 01578nam a2200409 a 4500
001 000033153
003 CZ BrMZK
005 20260226091041.0
007 ta
008 950313s1995 xr e f 000 0 cze d
015 |a cnb002610475 
020 |a 80-260-6597-2  |q (v knize neuvedeno 
035 |a (OCoLC)320258315 
040 |a BOA001  |b cze 
041 1 |a cze  |h ger 
043 |a e------ 
072 7 |a 00  |x Věda. Všeobecnosti. Základy vědy a kultury. Vědecká práce  |2 Konspekt  |9 12 
080 |a 001.94  |2 MRF 
080 |a (4)  |2 MRF 
080 |a (0.062)  |2 MRF 
100 1 |a Krassa, Peter,  |d 1938-2005  |7 jn20001005703  |4 aut 
245 1 0 |a Záhady nad záhady /  |c Peter Krassa, Reinhard Habeck ; [z německého originálu ... přeložil Rudolf Řežábek] 
250 |a Vyd. 1. 
260 |a Liberec :  |b Dialog,  |c 1995 
300 |a 274 s. ;  |c 19 cm 
490 1 |a Největší záhady světa ;  |v sv. 13 
500 |a Dostupné též v digitální podobě v aplikaci Kramerius 
650 0 7 |a záhady  |z Evropa  |7 ph127721  |2 czenas 
650 0 7 |a nevysvětlené jevy  |z Evropa  |7 ph117239  |2 czenas 
655 7 |a populárně-naučné publikace  |7 fd131864  |2 czenas 
700 1 |a Habeck, Reinhard,  |d 1962-  |7 xx0020896  |4 aut 
765 0 |t Palmblatt Bibliothek  |9 Česky 
830 0 |a Největší záhady světa  |0 s 
856 4 1 |u http://www.digitalniknihovna.cz/mzk/uuid/uuid:9bb078e0-358d-11f0-86eb-5ef3fc9bb22f  |y Digitalizovaný dokument  |x NDK 
910 |a BOA001  |b 1-1013.250 
990 |a BK 
996 6 |b 2610026553  |c 1-1013.250  |l MZK  |r Sklad / do 1 hodiny  |n 25  |p p.v.  |w 000033153  |u 000010  |a 1  |e BOA001  |j MZK50  |s P